000 00376pab a2200145 454500
008 180718b1987 xxu||||| |||| 00| 0 eng d
100 _aKabra, Kamal Nayan
245 _aNationalisation of the Imperial Bank of India
260 _c1987
300 _a1-24
362 _aJan.-Mar.
650 _aBanks - India
773 _aJournal of Social and Economic Studies
909 _a4321
999 _c4321
_d4321